000 00999cam a22001934a 4500
005 20250605164043.0
008 250528s ||||||||||||||||||||||||d
035 _a17038
020 _a435823817
040 _aGR-AtMCL
_bgre
_dGR-AtMCL
_eAACR2
245 1 _aToward a Rational Society / Student Protest, Science, and Politics
260 _bPolicy Press,
_c1989
300 _a134
520 _aThis volume brings together some of Habermas's most important writings on democracy, student protest and the nature and role of public opinion in modern industrial societies. Translator's Preface, The University in a Democracy: Democratization of the University, Student Protest in the Federal Republic of Germany, The Movement in Germany: A Critical Analysis, Technical Progress and the Social Life-World, The Scientization of Politics and Public Opinion, Technology and Science as ''Ideology'', Notes, Index.
700 1 _aHabermas Jurgen
_9499
942 _cBK
999 _c2478
_d2478